Multi-Category Minefield Blitz XV Quiz Stats

 Plays Quiz Updated Dec 28, 2016

Support Sporcle.
Go Orange.
Score 0/30 Timer 01:00
8 Plays Today
% Correct
???
72.4%
???
71.5%
???
68.1%
???
67.9%
???
67.9%
???
67.4%
???
66.7%
???
66.6%
???
66.6%
???
66.5%
???
66.4%
???
66.3%
???
66.2%
???
66.2%
???
65.4%
% Correct
???
65.3%
???
65.2%
???
64.6%
???
64.6%
???
64.5%
???
64.1%
???
64.1%
???
63.9%
???
63.7%
???
62.6%
???
61.1%
???
58.8%
???
58.3%
???
55.6%
???
53.1%

You're not logged in!

Compare scores with friends on all Sporcle quizzes.
OR
Log In
Forgot?

From the Vault

'Go Your Own Way' Lyrics

by HarryPotter14

You may feel an urge to perform some impromptu karaoke. Don't fight it.
Remove Ads.
Support Sporcle.
Get the best of Sporcle when you Go Orange. This ad-free experience offers more features, more stats, and more fun while also helping to support Sporcle. Thank you for becoming a member.

Show Comments

Extras

Top Quizzes Today


Score Distribution

Your Account Isn't Verified!

In order to create a playlist on Sporcle, you need to verify the email address you used during registration. Go to your Sporcle Settings to finish the process.

Report this User

Report this user for behavior that violates our Community Guidelines.

Details: